| 000 | 01976nam0a2200349 4500 | ||
|---|---|---|---|
| 001 | RU\NLR\BIBL_A\022768861 | ||
| 005 | 20260531093322.0 | ||
| 010 |
_a978-5-908067-48-5 _9500 |
||
| 021 |
_aRU _bКН-П-26-007823 _9КН-П-26-0757 |
||
| 035 | _a(NLR Aleph) 022768861 | ||
| 090 |
_a13715231 _c13715231 |
||
| 100 | _a20260330d2025 k y0rusy50 ca | ||
| 101 | 0 | _arus | |
| 102 | _aRU | ||
| 105 | _aa z 000yy | ||
| 181 | 0 |
_ai _baxxe |
|
| 182 | 0 | _an | |
| 200 | 1 |
_aФормирование продуктивности посевов люцерны на черноземе выщелоченном Западного Предкавказья _eмонография _fА. М. Кравцов, Н. Н. Кравцова, Е. С. Бойко _gМинистерство сельского хозяйства Российской Федерации, ФГБОУ ВО "Кубанский государственный аграрный университет имени И. Т. Трубилина" |
|
| 203 |
_aТекст _bвизуальный _cнепосредственный |
||
| 210 |
_aКраснодар _cКубГАУ _d2025 |
||
| 215 |
_a100 с. _cил., табл. _d20 |
||
| 320 | _aБиблиогр.: с. 94–98 (49 назв.) | ||
| 606 | 1 |
_aЛюцерна _xУрожайность на выщелоченном чернозёме _yПредкавказье Западное _92711080 _3RU\NLR\AUTH\6601771186 |
|
| 686 | 1 | _aП034.17(2Р37) | |
| 686 | 1 | _aП223.2-47(2Р37) | |
| 700 | 1 |
_aКравцов _bА. М. _gАлексей Михайлович |
|
| 701 | 1 |
_aКравцова _bН. Н. _cканд. с.-х. наук _gНаталия Николаевна _9250607 _3RU\NLR\AUTH\770250663 |
|
| 701 | 1 |
_aБойко _bЕ. С. _cпреподаватель, агрометеорология _gЕлена Сергеевна _9226231 _3RU\NLR\AUTH\770226287 |
|
| 942 | _cBOOK | ||
| 980 | _aNB | ||